Artworld Financial Corporation v Safaryan and Ors (Record no. 81601)

MARC details
000 -LEADER
fixed length control field 01716cad a22001935a 4500
001 - CONTROL NUMBER
control field L147656
008 - FIXED-LENGTH DATA ELEMENTS--GENERAL INFORMATION
fixed length control field 090603e20090227xxk f v 000 0 eng d
035 ## - SYSTEM CONTROL NUMBER
System control number (Sirsi) u147656
041 0# - LANGUAGE CODE
Language code of text/sound track or separate title eng
245 04 - TITLE STATEMENT
Title Artworld Financial Corporation v Safaryan and Ors
Medium [electronic resource]
260 ## - PUBLICATION, DISTRIBUTION, ETC.
Date of publication, distribution, etc. 2009
520 ## - SUMMARY, ETC.
Summary, etc. [2009] EWCA Civ 303, 27 February 2009. The case considers whether the acceptance of a lease surrender can be inferred from the intentions of the landlord or from his actions. Artworld Financial Corporation (R), the trust company of the Tatanaki (T) family, rented a property to the Safaryan (S) family. After different complaints about the property, S moved away and gave back the keys to R. Correspondence from R and its solicitors showed that R did not accept the surrender. However, afterwards, R improved and redecorated some of the property and members of the T family moved in there. R still claimed that the lease was not surrendered. S claimed that the actions of the landlord proved his acceptance of the surrender of the lease. "Held": Claim failed. The landlord occupying the property or using it for his own benefit can be regarded as the landlord taking back his possession and give rise to the surrender of the lease. The actions of the landlord, not his intentions or what he says, prove that he accepts the surrender of the lease.
590 ## - LOCAL NOTE (RLIN)
Local note KA
650 24 - SUBJECT ADDED ENTRY--TOPICAL TERM
Topical term or geographic name entry element ARTWORLD FINANCIAL CORPORATION V SAFARYAN AND ORS
651 #4 - SUBJECT ADDED ENTRY--GEOGRAPHIC NAME
Geographic name England and Wales
Chronological subdivision 1543-
690 ## - LOCAL SUBJECT ADDED ENTRY--TOPICAL TERM (OCLC, RLIN)
Topical term or geographic name as entry element PROPERTY-RESIDENTIAL PROPERTY-RESIDENTIAL LANDLORD AND TENANT-RESIDENTIAL LEASES
856 40 - ELECTRONIC LOCATION AND ACCESS
Uniform Resource Identifier <a href="https://www.bailii.org/ew/cases/EWCA/Civ/2009/303.html">https://www.bailii.org/ew/cases/EWCA/Civ/2009/303.html</a>
Public note View the case free of charge at www.bailli.org...
942 ## - ADDED ENTRY ELEMENTS (KOHA)
Suppress in OPAC 0
Holdings
Withdrawn status Lost status Source of classification or shelving scheme Damaged status Not for loan Home library Current library Shelving location Date acquired Total Checkouts Full call number Barcode Date last seen Copy number Price effective from Koha item type
    Dewey Decimal Classification     Virtual Virtual Online 03/06/2009   ONLINE JUDGMENT 147656-2001 06/08/2019 1 06/08/2019 Law report